Microsoft Office professional for Windows 95 / (Record no. 12918)

000 -LEADER
fixed length control field 00622cam a2200217 a 4500
020 ## - INTERNATIONAL STANDARD BOOK NUMBER
ISBN 0256220557
040 ## - CATALOGING SOURCE
Transcribing agency DLC
082 00 - DEWEY DECIMAL CLASSIFICATION NUMBER
Classification number 005 LRW 1996 A005 Or.
100 1# - MAIN ENTRY--AUTHOR NAME
Personal name Clifford, Sarah Hutchinson.
245 10 - TITLE STATEMENT
Title Microsoft Office professional for Windows 95 /
260 ## - PUBLICATION, DISTRIBUTION, ETC. (IMPRINT)
Place of publication Chicago :
Name of publisher Irwin,
Year of publication c1996.
300 ## - PHYSICAL DESCRIPTION
Number of Pages 1 v. (various pagings) :
Other physical details col. ill. ;
Dimensions 28 cm.
500 ## - GENERAL NOTE
General note Includes indexes.
650 #0 - SUBJECT ADDED ENTRY--TOPICAL TERM
Topical Term Word processing.
650 #0 - SUBJECT ADDED ENTRY--TOPICAL TERM
Topical Term Business
650 #0 - SUBJECT ADDED ENTRY--TOPICAL TERM
Topical Term Electronic spreadsheets.
650 #0 - SUBJECT ADDED ENTRY--TOPICAL TERM
Topical Term Presentation graphics software.
650 #0 - SUBJECT ADDED ENTRY--TOPICAL TERM
Topical Term Database management
700 1# - ADDED ENTRY--PERSONAL NAME
Personal name Coulthard, Glen J.
942 ## - ADDED ENTRY ELEMENTS (KOHA)
Koha item type សៀវភៅភាសាអង់គ្លេស
952 ## - LOCATION AND ITEM INFORMATION (KOHA)
Withdrawn status [LOCAL, KOHA] 0
Holdings
Permanent Location Date acquired Koha item type Lost status Shelving location Barcode Current Location Full call number
Library Block A2017-08-18សៀវភៅភាសាអង់គ្លេស A005A18450Library Block A005 LRW 1996 A005 Or.
មជ្ឈមណ្ឌលឯការនៃសាកលវិទ្យាល័យភូមិន្ទកសិកម្មចំការដូង

Powered by Koha